Normal view
MARC view
Entry Personal Name
001 - CONTROL NUMBER
- control field: 273
003 - CONTROL NUMBER IDENTIFIER
- control field: PK-NaQUE
005 - DATE AND TIME OF LATEST TRANSACTION
- control field: 20260602090605.0
008 - FIXED-LENGTH DATA ELEMENTS
- fixed length control field: 260602|| aca||aabn | a|a d
040 ## - CATALOGING SOURCE
- Original cataloging agency: PK-NaQUE
- Transcribing agency: PK-NaQUE
100 ## - HEADING--PERSONAL NAME
- Personal name: Friedman, Ed
670 ## - SOURCE DATA FOUND
- Source citation: Work cat.: (PK-NaQUE)4747: Miller, John. 271, Photonics Rules of Thumb: optics, electro-optics, fiber optics and lasers , 2003.